<?xml version="1.0" encoding="UTF-8"?>
<record
    xmlns:xsi="http://www.w3.org/2001/XMLSchema-instance"
    xsi:schemaLocation="http://www.loc.gov/MARC21/slim http://www.loc.gov/standards/marcxml/schema/MARC21slim.xsd"
    xmlns="http://www.loc.gov/MARC21/slim">

  <leader>01611cam a2200445 a 4500</leader>
  <datafield tag="999" ind1=" " ind2=" ">
    <subfield code="c">23934</subfield>
    <subfield code="d">23934</subfield>
  </datafield>
  <controlfield tag="001">vtls010343004</controlfield>
  <controlfield tag="005">20250926101122.0</controlfield>
  <controlfield tag="008">120220s1998    xr dl  f      000 0 cze c</controlfield>
  <datafield tag="020" ind1=" " ind2=" ">
    <subfield code="a">8020007032 (viaz.)</subfield>
  </datafield>
  <datafield tag="040" ind1=" " ind2=" ">
    <subfield code="a">SNK</subfield>
    <subfield code="b">slo</subfield>
    <subfield code="c">SNK</subfield>
    <subfield code="e">AACR2</subfield>
  </datafield>
  <datafield tag="041" ind1="0" ind2=" ">
    <subfield code="a">cze</subfield>
  </datafield>
  <datafield tag="044" ind1=" " ind2=" ">
    <subfield code="a">xr</subfield>
    <subfield code="c">CZ</subfield>
  </datafield>
  <datafield tag="072" ind1=" " ind2="7">
    <subfield code="a">323</subfield>
    <subfield code="x">Vn&#xFA;tropolitick&#xFD; v&#xFD;voj, politick&#xFD; &#x17E;ivot</subfield>
    <subfield code="2">konspekt</subfield>
  </datafield>
  <datafield tag="072" ind1=" " ind2="7">
    <subfield code="a">316.3</subfield>
    <subfield code="x">Glob&#xE1;lne spolo&#x10D;nosti. Soci&#xE1;lna &#x161;trukt&#xFA;ra. Soci&#xE1;lne skupiny</subfield>
    <subfield code="2">konspekt</subfield>
  </datafield>
  <datafield tag="080" ind1=" " ind2=" ">
    <subfield code="a">338</subfield>
    <subfield code="2">2001</subfield>
  </datafield>
  <datafield tag="080" ind1=" " ind2=" ">
    <subfield code="a">316.42</subfield>
    <subfield code="2">2001</subfield>
  </datafield>
  <datafield tag="080" ind1=" " ind2=" ">
    <subfield code="a">(048.8)</subfield>
    <subfield code="2">2001</subfield>
  </datafield>
  <datafield tag="080" ind1=" " ind2=" ">
    <subfield code="a">32:316.42</subfield>
    <subfield code="2">2001</subfield>
  </datafield>
  <datafield tag="080" ind1=" " ind2=" ">
    <subfield code="a">(437.3)</subfield>
    <subfield code="2">2001</subfield>
  </datafield>
  <datafield tag="080" ind1=" " ind2=" ">
    <subfield code="a">316.3</subfield>
    <subfield code="2">2001</subfield>
  </datafield>
  <datafield tag="245" ind1="0" ind2="0">
    <subfield code="a">Zpr&#xE1;va o v&#xFD;voji &#x10D;esk&#xE9; spole&#x10D;nosti 1989-1998</subfield>
    <subfield code="c">editor Ji&#x159;&#xED; Ve&#x10D;ern&#xED;k ; vedouc&#xED; t&#xFD;mu Petr Mat&#x11B;j&#x16F;</subfield>
  </datafield>
  <datafield tag="250" ind1=" " ind2=" ">
    <subfield code="a">1. vyd.</subfield>
  </datafield>
  <datafield tag="260" ind1=" " ind2=" ">
    <subfield code="a">Praha</subfield>
    <subfield code="b">Academia</subfield>
    <subfield code="c">1998</subfield>
  </datafield>
  <datafield tag="300" ind1=" " ind2=" ">
    <subfield code="a">364 s.</subfield>
    <subfield code="b">grafy, sch., tab.</subfield>
    <subfield code="c">23 cm</subfield>
  </datafield>
  <datafield tag="648" ind1=" " ind2="7">
    <subfield code="a">1989-1998</subfield>
    <subfield code="2">SNKPH</subfield>
    <subfield code="9">4851</subfield>
  </datafield>
  <datafield tag="650" ind1="0" ind2="7">
    <subfield code="a">ekonomick&#xE1; transform&#xE1;cia</subfield>
    <subfield code="2">SNKPH</subfield>
    <subfield code="9">4852</subfield>
  </datafield>
  <datafield tag="650" ind1="0" ind2="7">
    <subfield code="a">Economic transformation</subfield>
    <subfield code="2">SNKPHeng</subfield>
    <subfield code="9">4853</subfield>
  </datafield>
  <datafield tag="650" ind1="0" ind2="7">
    <subfield code="a">spolo&#x10D;nos&#x165;</subfield>
    <subfield code="2">SNKPH</subfield>
    <subfield code="9">2817</subfield>
  </datafield>
  <datafield tag="650" ind1="0" ind2="7">
    <subfield code="a">Society</subfield>
    <subfield code="2">SNKPHeng</subfield>
    <subfield code="9">4854</subfield>
  </datafield>
  <datafield tag="651" ind1=" " ind2="7">
    <subfield code="a">&#x10C;esko</subfield>
    <subfield code="x">politick&#xE1; transform&#xE1;cia</subfield>
    <subfield code="2">SNKPH</subfield>
    <subfield code="9">4855</subfield>
  </datafield>
  <datafield tag="651" ind1=" " ind2="7">
    <subfield code="a">&#x10C;esko</subfield>
    <subfield code="x">soci&#xE1;lna transform&#xE1;cia</subfield>
    <subfield code="2">SNKPH</subfield>
    <subfield code="9">4856</subfield>
  </datafield>
  <datafield tag="651" ind1=" " ind2="7">
    <subfield code="a">Czechia</subfield>
    <subfield code="x">political transformation</subfield>
    <subfield code="2">SNKPHeng</subfield>
    <subfield code="9">4857</subfield>
  </datafield>
  <datafield tag="651" ind1=" " ind2="7">
    <subfield code="a">Czechia</subfield>
    <subfield code="x">social transformation</subfield>
    <subfield code="2">SNKPHeng</subfield>
    <subfield code="9">4858</subfield>
  </datafield>
  <datafield tag="655" ind1=" " ind2="7">
    <subfield code="a">&#x161;t&#xFA;die</subfield>
    <subfield code="2">SNKPH</subfield>
    <subfield code="9">1987</subfield>
  </datafield>
  <datafield tag="655" ind1=" " ind2="7">
    <subfield code="a">preh&#x13E;ady</subfield>
    <subfield code="2">SNKPH</subfield>
    <subfield code="9">2711</subfield>
  </datafield>
  <datafield tag="655" ind1=" " ind2="7">
    <subfield code="a">Studies</subfield>
    <subfield code="2">SNKPHeng</subfield>
    <subfield code="9">4859</subfield>
  </datafield>
  <datafield tag="655" ind1=" " ind2="7">
    <subfield code="a">Surveys</subfield>
    <subfield code="2">SNKPHeng</subfield>
    <subfield code="9">2712</subfield>
  </datafield>
  <datafield tag="700" ind1="1" ind2=" ">
    <subfield code="a">Mat&#x11B;j&#x16F;, Petr,</subfield>
    <subfield code="d">1950-2017</subfield>
    <subfield code="4">aut</subfield>
    <subfield code="9">4860</subfield>
  </datafield>
  <datafield tag="700" ind1="1" ind2=" ">
    <subfield code="a">Ve&#x10D;ern&#xED;k, Ji&#x159;&#xED;,</subfield>
    <subfield code="d">1941-</subfield>
    <subfield code="4">edt</subfield>
    <subfield code="9">4861</subfield>
  </datafield>
  <datafield tag="952" ind1=" " ind2=" ">
    <subfield code="0">0</subfield>
    <subfield code="1">0</subfield>
    <subfield code="2">udc</subfield>
    <subfield code="4">0</subfield>
    <subfield code="7">0</subfield>
    <subfield code="8">D</subfield>
    <subfield code="a">10000</subfield>
    <subfield code="b">10000</subfield>
    <subfield code="d">2025-09-26</subfield>
    <subfield code="i">22290</subfield>
    <subfield code="o">S1588</subfield>
    <subfield code="p">S1588</subfield>
    <subfield code="r">2025-09-26</subfield>
    <subfield code="w">2025-09-26</subfield>
    <subfield code="y">OLDO</subfield>
  </datafield>
</record>
